| 000 | 00578nam a2200205 a 4500 | ||
|---|---|---|---|
| 001 | 45664 | ||
| 003 | BD-RjUL | ||
| 005 | 20211209054042.0 | ||
| 008 | 160727s1965 enk 000 0 eng | ||
| 040 |
_aDLC _cWSU _dSER _dUKM _dBD-RjUL _beng |
||
| 041 | _aeng | ||
| 082 |
_a370.954 _223 _bSHE 1965 |
||
| 100 | 1 |
_aShrimali, K. L., _d1909- _9139768 |
|
| 245 | 1 | 0 |
_aEducation in changing India / _cK.L. Shrimali. |
| 260 |
_aLondon : _bAsia Pub. House, _cc1965 |
||
| 300 |
_avii, 256 p. ; _c23 cm. |
||
| 500 | _aIncludes index. | ||
| 650 | 0 |
_aEducation _zIndia. _9139769 |
|
| 942 |
_2ddc _cBK |
||
| 999 |
_c45664 _d45664 |
||